|
|
|
|
| LEADER |
00000nab a2200000 a 4500 |
| 001 |
vtls000246200 |
| 003 |
SK-MaSNL |
| 005 |
20260303210704.0 |
| 008 |
111202c1985 xo 0 slo |
| 015 |
|
|
|a SNBRA19rr/mm-uuuuu
|
| 035 |
|
|
|a CL0256314
|
| 040 |
|
|
|a SNKBUCL
|b slo
|c SNKBUCL
|e AACR2
|
| 041 |
0 |
|
|a slo
|
| 044 |
|
|
|a xo
|c SK
|
| 080 |
|
|
|a 621.757.044:621.97
|2 1981
|
| 080 |
|
|
|a 621.97
|2 1981
|
| 100 |
1 |
|
|a Slavkovský, Ján,
|d 1941-
|4 aut
|9 211231
|
| 245 |
1 |
0 |
|a Lisovacia jednotka na vysokoparametrické tvárnenie v montáži
|c J. Slavkovský
|
| 300 |
|
|
|b Graf 1.
|
| 650 |
0 |
7 |
|a interná montáž
|2 snkbucl
|9 1242753
|
| 650 |
0 |
7 |
|a montážne tvárnenie
|2 snkbucl
|9 1242754
|
| 650 |
0 |
7 |
|a lisy
|2 snkbucl
|9 326671
|
| 655 |
|
7 |
|a články zo zborníkov
|2 snkbucl
|9 166140
|
| 773 |
0 |
|
|t Tvárnenie vysokými parametrami - nekonvenčné technológie tvárnenia. 2. diel
|d Bratislava : Dom techniky ČSVTS, 1985
|g S. 19-21
|
| 850 |
|
|
|a Slovenská národná knižnica v Martine
|a MTA001
|
| 852 |
|
|
|a SNK
|b KIS3GCP
|
| 958 |
|
|
|a RK
|
| 992 |
|
|
|a RZB
|
| 999 |
|
|
|c 2201255
|d 2203185
|